| 000 | 00835nam a22002537a 4500 | ||
|---|---|---|---|
| 003 | CHAP | ||
| 005 | 20220329135252.0 | ||
| 008 | 971013s1908 r 00010 d | ||
| 010 | _a33556 | ||
| 011 | _a34528 | ||
| 035 | _a38644 | ||
| 040 | _cCHAP | ||
| 090 | _aFolleto 7970 | ||
| 110 |
_aObservatorio Astronómico Nacional. México _982585 |
||
| 245 | _aInforme del directos sobre el resultado de la Comisión Mexicana para la observación del eclipse total de sol del 30 de agosto de 1905 | ||
| 260 |
_aMéxico, D. F. : _bSecretaría de Fomento, _c1908 |
||
| 300 |
_a59 p. _b: ilus. ; gráfs. |
||
| 590 |
_aBATCH-UPD _b10 _c20130110 _lUCH01 _h2307 |
||
| 590 |
_aCONVERSION _b10 _c20130109 _lUCH01 _h1319 |
||
| 650 | 1 | 4 |
_aEclipses. _935117 |
| 901 | _aBK | ||
| 942 | _cFOLL | ||
| 949 |
_aFolleto 7970 _bBC _cBPP _d-88367 _eBPP _i38644 _si |
||
| 999 |
_c33556 _d33556 |
||